MARC

LEADER 00000nam0a2200000 4500
001 267420
005 20231101234059.0
020 |a RU  |b 87-10215 
035 |a (RuTPU)RU\TPU\book\290477 
090 |a 267420 
100 |a 20140729d1987 km y0rusy5003 ca 
101 0 |a rus 
102 |a RU 
105 |a ac z 000zd 
200 1 |a Когда горели кварталы. Части НКВД в уличных боях за Воронеж  |f А. И. Гринько 
210 |a Москва  |c Воениздат  |d 1987 
215 |a 93 с.  |c ил. 
606 1 |a Чекисты в Великой Отечественной войне 1941-1945  |2 stltpush  |3 (RuTPU)RU\TPU\subj\66647  |9 82698 
610 1 |a внутренние войска 
610 1 |a Воронеж 
610 1 |a НКВД 
610 1 |a история 
610 1 |a Великая Отечественная война 1941-1945 
610 1 |a боевые операции 
610 1 |a герои войны 
686 |a Т3(2)622-35:Ц2  |2 rubbk 
700 1 |a Гринько  |b А. И.  |g Александр Иванович  |4 070 
801 0 |a RU  |b RuMRKP  |c 19950417  |g psbo 
801 1 |a RU  |b 63413507  |c 20140729 
801 2 |a RU  |b 63413507  |c 20151102  |g RCR 
942 |c BK